000 00545nam a2200169Ia 4500
008 090711s9999 xx 000 0 und d
082 _b45579
100 _aमेंगजी अशोक / काकडे द. स.
245 _aमायादेवी
260 _c1980
300 _a224
600 _aमेंगजी अशोक / काकडे द. स.
630 _aमायादेवी
700 _aमेंगजी अशोक / काकडे द. स.
730 _aमायादेवी
942 _cBOOK
999 _c294819
_d294819